Win the North Korean Election! - Statistics

General Stats
  • This quiz has been taken 65 times
  • The average score is 11 of 43
Answer Stats
Province % Correct
Pyongyang
98%
Pyongyang
98%
Pyongyang
98%
Pyongyang
98%
Pyongyang
98%
Pyongyang
98%
Ryanggang
21%
North Hwanghae
19%
North Hwanghae
19%
North Hwanghae
19%
North Hwanghae
19%
South Hwanghae
19%
South Hwanghae
19%
South Hwanghae
19%
South Hwanghae
19%
North Hamgyong
17%
North Hamgyong
17%
North Hamgyong
17%
North Hamgyong
17%
South Hamgyong
17%
South Hamgyong
17%
South Hamgyong
17%
South Hamgyong
17%
South Hamgyong
17%
South Hamgyong
17%
Kangwon
15%
Kangwon
15%
Kangwon
15%
Jagang
10%
Jagang
10%
North Phyongan
4%
North Phyongan
4%
North Phyongan
4%
North Phyongan
4%
North Phyongan
4%
South Phyongan
4%
South Phyongan
4%
South Phyongan
4%
South Phyongan
4%
South Phyongan
4%
South Phyongan
4%
South Phyongan
4%
South Phyongan
4%
No matching quizzes found
Score Distribution
Percent of People with Each Score
Percentile by Number Answered
Your Score History
You have not taken this quiz